| 000 | 01035nam a22003017a 4500 | ||
|---|---|---|---|
| 999 |
_c29229 _d29200 |
||
| 003 | EG-ScBUE | ||
| 005 | 20210712112443.0 | ||
| 008 | 200219s2001 enk f 000 0 eng d | ||
| 020 | _a0749285591 | ||
| 020 | _a9780749285591 | ||
| 040 |
_aEG-ScBUE _beng _erda _cEG-ScBUE _dEG-ScBUE |
||
| 043 | _ae------ | ||
| 082 | 0 | 4 |
_a909.82 _bPRI _222 |
| 245 | 0 | 0 |
_aPrimary sources 2 : _binterwar and World War II / _cedited by Arthur Marwick and Wendy Simpson. |
| 264 | 1 |
_aMilton Keynes : _bThe Open University, _c2001. |
|
| 300 |
_a183 pages ; _c24 cm. |
||
| 336 |
_2rdacontent _atext _btxt |
||
| 337 |
_2rdamedia _aunmediated _bn |
||
| 338 |
_2rdacarrier _avolume _bnc |
||
| 490 | 0 | _aTotal war and social change : Europe 1914-1955 | |
| 650 | 7 |
_aWorld War, 1939-1945 _xHistory _vSources. _2BUEsh |
|
| 651 | 7 |
_aEurope _xHistory _y1918-1945 _vSources. _2BUEsh |
|
| 653 |
_bGGEN _cJune2021 |
||
| 655 |
_vReading book _934232 |
||
| 700 | 1 |
_aMarwick, Arthur, _d1936-2006, _eeditor. |
|
| 700 | 1 |
_aSimpson, Wendy, _d1941- _eeditor. |
|
| 942 |
_2ddc _cBB |
||